000
00339nam a2200157Ia 4500
008
230524s9999 xx 000 0 und d
082
_b
GAM
100
_a
M.L.Gambhir
245
0
_a
Concrete Manual
250
_a
1
260
_a
Delhi
_b
Dhanpat rai
300
_a
228
500
_a
Quantity Number: 20
650
_a
Civil
942
_c
BK
999
_c
56166
_d
56166